000 00977naa a2200277 c 4500
001 36654
003 ES-MaCES
005 20060609140200.0
008 060609n2006 sp t 000 | spa d
035 _aCES20060009223v
040 _aES-MaCES
_bspa
_cES-MaCES
100 1 _aHierro Hierro, Francisco Javier
_914820
245 1 0 _aMujer y seguridad social agraria
_cFrancisco Javier Hierro Hierro
650 4 _aEspaña
_926964
650 4 _aprotección social
_929076
650 4 _aprestaciones de maternidad
_927040
650 4 _aregímenes especiales de Seguridad Social
_931067
650 4 _arégimen especial agrario
_931017
650 4 _aseguridad social
_927034
650 4 _amujeres
_928657
653 1 0 _aMujer
773 0 _tRevista española de Derecho del trabajo
_gn. 129 (en.- marzo 2006){10040 R. 064573}; p. 143-158
_w(ES-MaCES)25060
_932372
902 _aART Artículo de revista
942 _2CES
_cAR
_h3.3.
999 _c36654
_d36654